000
00286nam a22001337a 4500
008
170302b xxu||||| |||| 00| 0 eng d
020
_a
9780321524041
041
_a
eng
080
_2
9TH
_a
575
100
_a
6
101
_a
SHM
245
_a
CONCEPTS OF GENETICS
_c
KLUG
942
_2
udc
_c
BK
999
_c
6583
_d
6583